000 00636nam a22001817a 4500
003 UA-OsUOA
001 16699
007 ta
008 20040119b un ||||| |||| 00| 0 ukr d
100 _aЦицата В.
942 _cSA
040 _aUA-OsUOA
_cUA-OsUOA
_dUA-OsUOA
245 _aЛюдям радість дарувати
_b[Про роботу мистец. закладу м.Кузнецовськ- Палацу культкри ім. Лесі українки]
300 _aС.6
955 _a0
773 0 _w0
_tЕнергія
_dКузнецовськ
_d2003
_g№47/5 груд./
650 7 _aКраєзнавча робота
_2UDC
999 _c302864
_d302864